La Tunisie vue du ciel (notice n° 9261)

détails MARC
000 -Label
leader 00814cam a2200253 4500
010 ## - ISBN
ISBN 2857448767
010 ## - ISBN
ISBN 9973220595
099 ## - Informations locales
Type de document Livre
100 ## - Données générales de traitement
a 19970108d1996 m y0frey50 ba
101 0# - Langue
langue document français
102 ## - Pays d'édition ou de production
pays d'édition France
-- Tunisie
200 1# - Titre
titre propre La Tunisie vue du ciel
type de document Livre
auteur Mohamed-Salah Bettaïeb
auteur secondaire Salah Jabeur
-- Alya Hamza
210 ## - Editeur
lieu de publication Aix-en-Provence
nom de l'éditeur Édisud
lieu de publication Tunis
nom de l'éditeur les Éd. de la Méditerranée
date de publication 1996
215 ## - Description
Importance matérielle 156 p.
autres carac. ill. en noir et en coul.
format 35 cm
606 ## - sujets
sujet La Tunisie vue du ciel
subdiv. sujet Photographie
koha internal code 24980
607 ## - sujets
numéro de la notice d'autorité 11933634
sujet Tunisie
700 ## - Auteur
N° autorité 12549739
auteur Bettaïeb
prénom Mohamed-Salah
code de fonction Illustrateur
koha internal code 6955
701 ## - coauteur
numéro de la notice d'autorité 12549743
nom Jabeur
prénom Salah
code de fonction Illustrateur
702 ## - Auteur secondaire
numéro de la notice d'autorité 12549745
nom Hamza
prénom Alya
code de fonction Auteur
801 #0 - source de catalogage
pays FR
agence de catalogage FR-751131015
date de la transaction 19970108
règles de catalogage utilisées AFNOR
801 #0 - source de catalogage
pays TN
agence de catalogage 32BIS
830 ## - note
catalogeur MS
Exemplaires
Propriétaire Dépositaire Localisation Code barre Numéro Inventaire Cote Note Statut
The 32bis Library The 32bis Library Salle de lecture 32BIS 007044 6968 779 BET Don Chancellerie française Consultable sur place
32 bis, rue Ben Ghedhahem 1000 Tunis - Tunisie www.32bis.org
Contact : mediatheque@32bis.org